LEADER 03737nam 2200625 450 001 996466515203316 005 20220916113114.0 010 $a3-540-39225-4 024 7 $a10.1007/BFb0083418 035 $a(CKB)1000000000437485 035 $a(SSID)ssj0000326514 035 $a(PQKBManifestationID)12068831 035 $a(PQKBTitleCode)TC0000326514 035 $a(PQKBWorkID)10265925 035 $a(PQKB)10184480 035 $a(DE-He213)978-3-540-39225-5 035 $a(MiAaPQ)EBC5591906 035 $a(Au-PeEL)EBL5591906 035 $a(OCoLC)1066178311 035 $a(MiAaPQ)EBC6842833 035 $a(Au-PeEL)EBL6842833 035 $a(PPN)155233645 035 $a(EXLCZ)991000000000437485 100 $a20220916d1988 uy 0 101 0 $aeng 135 $aurnn|008mamaa 181 $ctxt 182 $cc 183 $acr 200 00$aSemigroups - theory and applications $eproceedings of a conference held in Oberwolfach, FRG, Feb. 23-Mar. 1, 1986 /$fedited by Helmut Ju?rgensen, Gerard Lallement, and Hanns J. Weinert 205 $a1st ed. 1988. 210 1$aBerlin, Germany ;$aNew York, New York :$cSpringer-Verlag,$d[1988] 210 4$dİ1988 215 $a1 online resource (X, 422 p.) 225 1 $aLecture Notes in Mathematics,$x0075-8434 ;$v1320 300 $aBibliographic Level Mode of Issuance: Monograph 311 $a0-387-19347-2 311 $a3-540-19347-2 327 $aSome congruences on regular semigroups -- On pseudovarieties of monoids -- Systems of equations over a finitely generated free monoid having an effectively findable equivalent finite subsystem -- Minimal congruences and coextensions in semigroups -- Endomorphism monoids of acts are wreath products of monoids with small categories -- Free right h-Adequate semigroups -- Group and semigroup theoretic considerations inspired by inverse problems of the additive number theory -- Correspondences of semigroups -- On universality of extensions -- On additively or multiplicatively idempotent semirings and partial orders -- Congruence semimodular varieties of semigroups -- Decomposition of languages into disjunctive outfix codes -- Some algorithms for semigroups and monoids presented by a single relation -- Remarks on acts and the lattice of their torsion theories -- Relativized star-free expressions, first-order logic, and a concatenation game -- Semigroup extensions of partial groupoids -- On groups having finite monadic church-rosser presentations -- Automated theorem proving applied to the theory of semigroups -- Subdirectly irreducible we-2 semigroups with globally idempotent core -- Commutative monoid rings with krull dimension -- Languages induced by certain homomorphisms of a free monoid -- Infima in the power set of free semigroups -- Update on the problems in "inverse semigroups" by M. Peterich -- Minimal clans: A class of ordered partial semigroups including boolean rings and lattice-ordered groups -- Les systemes entiers d'equations sur un alphabet de 3 variables -- A new interpretation of free orthodox and generalized inverse *-semigroups -- Varieties of completely regular semigroups: Their injectives -- Generalized semialgebras over semirings. 410 0$aLecture Notes in Mathematics,$x0075-8434 ;$v1320 606 $aMathematics 606 $aSemigroups$vCongresses 615 0$aMathematics. 615 0$aSemigroups 676 $a512.2 702 $aLallement$b Gerard$f1935-2006, 702 $aJu?rgensen$b Helmut 702 $aWeinert$b Hanns Joachim 801 0$bMiAaPQ 801 1$bMiAaPQ 801 2$bMiAaPQ 906 $aBOOK 912 $a996466515203316 996 $aSemigroups, theory and applications$983258 997 $aUNISA